00651nam a2200169 a 4500008004100000050001700041100002200058245005900080250001300139260003200152300002200184350000900206700002100215995009500236999001700331952013300348120416s1940 ||||||||||||||||| || u aT 60.M65 Low aStegemerten, G. J10aTime and motion study and formulas for wage incentives a3rd. ed. aNew YorkbMcGraw-Hillc1940 axiii, 432p. : ill a0.00 aLowry, Stewart M D0.00FCBU-MAIN LIBRARY (Kitwe)H1I6.55M1UAVAILABLEZMain Library Open Access Collection c59911d59911 00102lcc4070a001b001cMain Library Open Access Collectiond2022-11-30l0oT 60.M65 Lowp016248r2022-11-30w2022-11-30y002